00329nam a2200133Ia 4500008004100000041000800041082001500049100001400064245006000078260001900138300000800157365001600165700001400181230718s9999 xx 000 0 und d aeng a004.1bKAN aKansas D. aStreet Com Guide To Smart Investing In The Internet Era c2001bCurrency a332 cRs.b719.00 aKansas D.